Wszyscy strzelcy bramek na mundialu 2018 - Statystyki

Ogólne statystyki
  • Ten quiz został rozwiązany 64 razy
  • Średni wynik to 46 z 108
Statystyki odpowiedzi
Reprezentacja Bramki Zawodnik % Poprawnych
Anglia 6 Harry Kane
96%
1 Lionel Messi
96%
Brazylia 2 Neymar
92%
4 Kylian Mbappé
90%
Portugalia 4 Cristiano Ronaldo
88%
Egipt 2 Mohamed Salah
88%
2 Luka Modrić
86%
Belgia 4 Romelu Lukaku
86%
1 Paul Pogba
84%
Korea Płd. 2 Hueng-min Son
82%
2 Luis Suárez
82%
3 Eden Hazard
80%
1 Grzegorz Krychowiak
80%
1 Kevin de Bruyne
80%
Polska 1 Jan Bednarek
78%
Francja 4 Antoine Griezmann
76%
Urugwaj 3 Edinson Cavani
76%
1 Ángel Di María
74%
Dania 1 Christian Eriksen
74%
Argentyna 2 Sergio Agüero
74%
Senegal 1 Sadio Mané
72%
Chorwacja 3 Mario Mandžukić
68%
Niemcy 1 Toni Kroos
66%
3 Artem Dzyuba
62%
1 Benjamin Pavard
62%
1 Xherdan Shaqiri
62%
1 Granit Xhaka
56%
Kolumbia 3 Yerry Mina
56%
1 Harry Maguire
54%
1 Radamel Falcão
54%
Hiszpania 3 Diego Costa
52%
1 Juan Cuadrado
52%
2 Philippe Coutinho
52%
1 Ricardo Quaresma
52%
1 Ivan Rakitić
50%
1 Mário Fernandes
50%
1 Thiago Silva
50%
1 Aleksandar Mitrović
48%
1 Aleksandr Golovin
48%
Rosja 4 Denis Cheryshev
48%
1 Nacer Chadli
48%
1 Andrej Kramarić
46%
1 Emil Forsberg
46%
1 Jan Vertonghen
46%
Nigeria 2 Ahmed Musa
44%
1 Hirving Lozano
44%
Meksyk 1 Javier Hernández
44%
2 John Stones
44%
1 Pepe
44%
Arabia Saudyjska 1 Salem Al-Dawsari
44%
1 Samuel Umtiti
44%
1 Thomas Meunier
44%
1 Domagoj Vida
42%
1 Dries Mertens
42%
1 Jesse Lingard
42%
1 Keisuke Honda
42%
1 Gylfi Sigurðsson
40%
1 José María Giménez
40%
1 Kieran Trippier
40%
1 Nacho
40%
1 Yussuf Yurary Poulsen
40%
1 Dele Alli
38%
1 Marcos Rojo
38%
1 Marouane Fellaini
38%
1 M'Baye Niang
38%
1 Marco Reus
36%
1 Raphäel Varane
36%
Tunezja 2 Wahbi Khazri
36%
1 Roberto Firmino
34%
1 Ante Rebić
32%
1 Young-gwon Kim
32%
1 Paulinho
30%
1 Shinji Kagawa
30%
1 Iago Aspas
28%
1 Renato Augusto
28%
1 Youssef En-Nesyri
28%
1 Adnan Januzaj
26%
1 Juan Quintero
24%
1 Ola Toivonen
24%
Japonia 2 Takashi Inui
24%
Szwecja 2 Andreas Granqvist
22%
1 Michy Batshuayi
22%
1 Victor Moses
22%
Serbia 1 Aleksandar Kolarov
20%
1 Carlos Vela
20%
1 Gabriel Mercado
20%
Islandia 1 Alfreð Finnbogason
18%
1 Mathias Jørgensen
18%
Peru 1 André Carrillo
16%
1 Isco
16%
1 Steven Zuber
14%
1 Jurij Gazinskyi
12%
1 Paolo Guerrero
12%
1 Genki Haraguchi
10%
1 Ferjani Sassi
8%
1 Ludwig Augustinsson
8%
1 Milan Badelj
8%
1 Yūya Ōsako
8%
Panama 1 Felipe Baloy
6%
Szwajcaria 1 Josip Drmić
6%
1 Salman Al-Faraj
6%
Maroko 1 Khalid Boutaïb
4%
1 Dylan Bronn
2%
1 Fakhreddine Ben-Youssef
2%
Iran 1 Karim Ansarifard
2%
Kostaryka 1 Kendall Waston
2%
1 Moussa Wagué
2%
1 Blerim Džemaili
0%
Nie znaleziono quizów pasujących do podanych kryteriów
Rozkład punktacji
Procent ludzi z każdym wynikiem
Percentyl według liczby udzielonych odpowiedzi
Twoja historia wyników
Nie rozwiązałeś tego quizu